[Event "Goldmoney Asian Rapid Prelims 2021"]
[Site "Chess24"]
[Date "2021.06.24"]
[Round "5.4"]
[White "Firouzja, Alireza"]
[Black "Artemiev, Vladislav"]
[Result "0-1"]
[WhiteElo "2759"]
[BlackElo "2704"]
[Annotator "TA"]
[PlyCount "76"]
[EventDate "2021.06.26"]
[EventType "tourn"]
[EventCountry "NET"]
[Tiebreak "Koya+Number of black wins+Number of wins"]
[SourceTitle "playchess.com"]
[Source "ChessBase"]
[SourceQuality "1"]

{[%evp 10,76,18,16,25,18,25,25,49,13,27,27,29,21,21,16,20,16,52,51,39,0,0,0,0,
-9,0,0,0,0,0,-6,0,-110,-109,-225,-221,-815,-604,-790,-775,-728,-480,-467,-395,
-460,-457,-609,-608,-963,-955,-956,-948,-948,-942,-904,-897,-1116,-1118,-1106,
-1099,-1081,-1062,-12844,-12827,-12791,-6634,-6411,-5983]} 1. e4 e5 2. Nf3 Nc6
3. Bc4 Bc5 4. d3 Nf6 5. Bg5 h6 6. Bh4 Be7 {C50: Hungarian Defence and Giuoco
Pianissimo.} 7. Bg3 d6 8. a4 a5 $5 {[%mdl 4] White has an edge. Exploring less
charted territory.} 9. Nbd2 {[%cal Bb1d2,Bd2f1,Bf1e3][%mdl 32]} O-O 10. c3 g6
11. h3 {[#]} Nh5 $146 ({Predecessor:} 11... Kg7 12. O-O Re8 13. Qb3 Rf8 14. Bh2
Nh7 15. d4 Bf6 16. dxe5 Nxe5 17. Nxe5 dxe5 {0-1 (38) Navara,D (2736)-Michalik,
P (2564) Prague 2018}) 12. Bh2 Bg5 13. Nf1 Be6 14. Bxe6 fxe6 15. Nxg5 Qxg5 16.
Ne3 Nf4 17. Bg3 Kg7 18. O-O Rf7 19. d4 Raf8 20. Qd2 Kh7 {Strongly threatening .
..exd4.} 21. Rad1 {[#]} (21. Bxf4 $11 {remains equal.} Qxf4 22. d5 exd5 23.
Qxd5) 21... exd4 $1 $17 {Black converts the advantage convincingly.} 22. cxd4 {
[#]} (22. Bxf4 $17 {was called for.} Rxf4 23. cxd4) 22... Nxd4 $1 $19 {[%mdl
512] White must now prevent ...Nxh3+!} 23. h4 (23. Kh2 Nfe2 24. Ng4) 23... Qh5
24. Kh2 Nfe2 {Hoping for ...Rf4!} 25. f3 Nxg3 26. Kxg3 Qe5+ 27. Kf2 {[#]} Rxf3+
$1 {[%mdl 576] Demolition. Black is clearly winning.} 28. gxf3 (28. Kg1 Rxf1+)
28... Nxf3 {[%mdl 64] Double Attack} 29. Ke2 Nxd2 {[%mdl 64] Discovered Attack}
30. Rxf8 Nxe4 31. Rf7+ Kg8 32. Rxc7 Qh5+ 33. Ke1 Qxh4+ 34. Ke2 Qh2+ 35. Kd3
Nf2+ {[%mdl 64] Double Attack} 36. Kc4 Nxd1 37. Rc8+ Kf7 {( -> ...Qe2+)} 38.
Rc7+ Ke8 {Weighted Error Value: White=0.90/Black=0.21} 0-1

[Event "Goldmoney Asian Rapid Prelims 2021"]
[Site "Chess24"]
[Date "2021.06.24"]
[Round "5.5"]
[White "Hou, Yifan"]
[Black "Dubov, Daniil"]
[Result "0-1"]
[WhiteElo "2658"]
[BlackElo "2714"]
[Annotator "TA"]
[PlyCount "92"]
[EventDate "2021.06.26"]
[EventType "tourn"]
[EventCountry "NET"]
[Tiebreak "Koya+Number of black wins+Number of wins"]
[SourceTitle "playchess.com"]
[Source "ChessBase"]
[SourceQuality "1"]

{[%evp 9,92,0,0,-6,-6,-12,0,0,0,0,15,-8,-4,-26,52,50,37,-12,-11,-15,0,-3,0,0,0,
-9,-15,-37,-31,-32,-27,-21,-17,-16,-5,-16,-16,-8,-8,-10,-10,-16,-12,-29,-27,
-47,-41,-50,-16,-18,-16,-24,-24,-33,-22,-38,-23,-37,-24,-26,-26,-25,-34,-77,
-76,-162,-147,-444,-444,-444,-444,-546,-408,-360,-358,-353,-338,-362,-357,-374,
-372,-357,-357,-862,-854]} 1. e4 e5 2. Nf3 Nf6 3. Nxe5 Nc6 4. Nf3 Nxe4 5. d3
Nf6 6. d4 {C42: Petroff Defence: 3 Nxe5 and unusual White 3rd moves.} d5 7. Bd3
Bd6 8. O-O {The position is equal.} O-O 9. c3 Ne4 10. c4 Nb4 {[#]} 11. Be2 $146
({Predecessor:} 11. cxd5 Nxd3 12. Qxd3 Bf5 13. Qb3 Qc8 14. Nc3 a5 15. Nb5 a4
16. Qc4 Ra6 17. Ne5 Rd8 18. f3 {1-0 (32) Helm,L-Nobis,M (2015) Germany 1998})
11... Bf5 (11... dxc4 $11 12. Bxc4 Bf5) 12. a3 Nc6 13. Nc3 dxc4 14. Bxc4 h6 15.
Bd3 Nxc3 16. bxc3 Qf6 17. Rb1 b6 18. Rb5 Bxd3 19. Qxd3 Rad8 20. a4 Rfe8 21. Be3
Ne7 22. h3 c5 23. a5 Nd5 24. axb6 axb6 25. Bd2 Nc7 26. Rbb1 b5 27. Rfe1 c4 28.
Qc2 Qg6 29. Qxg6 fxg6 30. Rxe8+ Rxe8 31. Kf1 Kf7 32. d5 Rb8 ({Much weaker is} 
32... Nxd5 33. Rxb5 Nf6 34. Be3 $11) (32... Ra8 {looks sharper.} 33. Nd4 Ra2
34. Be1 Ra5 35. Rd1 Ra3) 33. Nd4 Rb7 34. Be3 {With the idea Nc6.} Ke8 35. Nc6 {
White wants to play Na5.} Nxd5 36. Bd4 {[#]} Kd7 $1 {[%cal Rd7c6]} 37. Na5 (37.
Ne5+ $17 Bxe5 38. Bxe5) 37... Rb8 $19 {Strongly threatening ...Bc7.} 38. Ba7 $2
{[%mdl 8192] This costs White the game.} (38. Rd1 $17 {might work better.})
38... Nxc3 39. Rc1 {[#]} Ra8 40. Bd4 (40. Rxc3 Rxa7) 40... Na2 41. Nxc4 {
Threatens to win with Nb6+.} bxc4 42. Rxc4 Bf8 43. Be5 Ke6 44. f4 Nb4 45. Bxg7
Nd5 {White must now prevent ...Ne3+.} 46. Bxf8 $2 (46. Rc6+ Bd6 47. Be5 Ne3+
48. Kg1) 46... Ne3+ {[%mdl 64] Double Attack.  Weighted Error Value: White=0.
30/Black=0.11} 0-1

[Event "Goldmoney Asian Rapid Prelims 2021"]
[Site "Chess24"]
[Date "2021.06.24"]
[Round "5.6"]
[White "So, Wesley"]
[Black "Duda, Jan-Krzysztof"]
[Result "1-0"]
[WhiteElo "2770"]
[BlackElo "2729"]
[Annotator "TA"]
[PlyCount "93"]
[EventDate "2021.06.26"]
[EventType "tourn"]
[EventCountry "NET"]
[Tiebreak "Koya+Number of black wins+Number of wins"]
[SourceTitle "playchess.com"]
[Source "ChessBase"]
[SourceQuality "1"]

{[%evp 18,93,2,0,0,0,0,-12,0,0,12,5,6,4,6,0,30,19,36,37,86,97,100,38,41,40,39,
34,63,16,22,22,123,119,201,198,193,205,274,258,460,453,484,502,472,472,588,52,
52,49,49,55,41,51,51,46,37,46,176,185,236,229,343,331,527,345,345,345,337,337,
337,337,337,333,6707,6049,29992,29993]} 1. d4 Nf6 2. c4 e6 3. Nc3 Bb4 4. e3 O-O
5. Bd3 d5 6. a3 Bxc3+ 7. bxc3 dxc4 8. Bxc4 c5 9. Nf3 Qc7 10. Be2 b6 {E53:
Nimzo-Indian: Rubinstein: Main Line (4...0-0 5 Nf3 d5 6 Bd3 c5 7 0-0).} 11. Bb2
Bb7 12. O-O Rd8 {The position is equal.} 13. Re1 Nbd7 {[#]} 14. c4 $146 ({
Predecessor:} 14. Nd2 e5 15. Qb1 Rac8 16. Rc1 Nf8 17. Qf5 Ng6 18. Qg5 Qe7 19.
Bc4 Kh8 20. Nf3 h6 {1-0 (65) Gligoric,S-Rejfir,J Sarajevo 1962}) 14... Rac8 15.
Bf1 cxd4 16. exd4 Ng4 17. g3 Qc6 18. Bg2 Ngf6 (18... Qxc4 $6 19. Nd2 $16) 19.
Rc1 Qd6 20. Qb3 ({White should play} 20. d5 $1 $16) 20... Be4 21. Bf1 h6 22. a4
Qb8 23. h4 Rc7 24. g4 {Hoping for g5.} Qa8 (24... Rcc8 $11) 25. Nd2 $16 {
Strongly threatening g5.} Bb7 (25... Bh7 $16) 26. g5 $18 hxg5 27. hxg5 Nh5 28.
d5 {Black must now prevent Qf3.} exd5 $2 (28... Re8 {keeps fighting.} 29. Qf3
g6) 29. Qh3 g6 {[#]} 30. Be2 $1 d4 31. Bxh5 gxh5 32. Re7 $2 (32. Bxd4 $18 Nf8
33. Bf6) 32... Re8 $1 $14 {[%cal Re8e7] [#]} 33. Rxf7 $40 {[%mdl 128] Black
needs to defend precisely.} Kxf7 34. Qxh5+ Kg8 $1 35. Qg6+ Kf8 36. Qd6+ {
[%mdl 64] Double Attack} Re7 {Threatens to win with ...Ne5.} 37. Qxc7 Kg8 {
A mistake that costs the game.} (37... Nc5 $1 $14 38. Qd6 Qc8 39. Qf6+ (39.
Qxd4 Qf5 $14) 39... Kg8) 38. Bxd4 $18 Rh7 (38... Qc8 {was worth a try.} 39.
Qxc8+ Bxc8) 39. f3 $1 {And now g6 would win.} Bxf3 {[#]} (39... Nf8 $142 40.
Qe5 Qc8) 40. g6 $1 {[%cal Rg6h7]} Rh1+ 41. Kf2 Qe8 {( -> ...Qe2+)} 42. Rxh1 {
[%csl Gd4][%cal Rh1h8]} ({Stronger than} 42. Kxf3 Rxc1 43. Qxa7 Qxg6 $17) 42...
Qe2+ 43. Kg3 {[%csl Gd4][%cal Rh1h8]} Bxh1 44. Qxd7 {[%csl Gd4][%cal Rd7g7]}
Qg2+ 45. Kh4 {[%csl Gd4][%cal Rd7g7]} Qh2+ $2 (45... Qxg6 46. Qd8+ Kf7) 46. Qh3
Qf4+ 47. Kh5 {Weighted Error Value: White=0.17/Black=0.47} 1-0

[Event "Goldmoney Asian Rapid Prelims 2021"]
[Site "Chess24"]
[Date "2021.06.24"]
[Round "5.7"]
[White "Svidler, Peter"]
[Black "Giri, Anish"]
[Result "1-0"]
[WhiteElo "2714"]
[BlackElo "2780"]
[Annotator "TA"]
[PlyCount "58"]
[EventDate "2021.06.26"]
[EventType "tourn"]
[EventCountry "NET"]
[Tiebreak "Koya+Number of black wins+Number of wins"]
[SourceTitle "playchess.com"]
[Source "ChessBase"]
[SourceQuality "1"]

{[%evp 12,58,10,17,13,0,0,0,0,0,0,0,18,0,29,17,21,8,69,67,64,72,79,66,63,70,74,
66,72,64,201,159,132,143,169,175,304,300,331,308,313,270,386,334,591,586,856,
814,1080]} 1. e4 e5 2. Nf3 Nc6 3. Bc4 Nf6 4. d3 Bc5 5. O-O d6 6. c3 O-O 7. Re1
$1 {[%mdl 4] now scores much better than the old 7.Bb3.} a5 {[#] C54: Giuoco
Piano: 4 c3 Nf6, main lines with 5 d4 and 5 d3.} 8. b3 $146 ({Predecessor:} 8.
Bg5 h6 9. Bh4 g5 10. Bg3 Nh7 11. d4 Ba7 12. h3 h5 13. Nbd2 h4 14. Bh2 exd4 15.
Nxd4 Nxd4 16. cxd4 Bxd4 {1/2-1/2 (36) Carlsen,M (2847)-Aronian,L (2781)
chess24.com INT 2021}) 8... Bb6 9. h3 Ne7 {The position is equal.} 10. d4 Ng6
11. Nbd2 c6 12. Bf1 Bc7 13. Bb2 Re8 14. Qc2 d5 ({Better is} 14... Nh5 $11) 15.
exd5 $14 Nxd5 16. dxe5 Nxe5 17. c4 Nb4 18. Qc3 $36 {[%cal Rf3e5][%mdl 2048]
White has some pressure.} f6 19. a3 (19. Nxe5 $6 Bxe5 20. Qc1 Bf5 $15) 19...
Na6 20. Qc2 g6 {Loses the game.} (20... Nc5 $14) 21. Nxe5 Bxe5 22. Bxe5 fxe5
23. Qc3 Bf5 (23... Nc5 {was necessary.} 24. Re3 (24. Rxe5 Rxe5 25. Qxe5 Qxd2
$16) 24... Be6) 24. g4 $18 Bd7 25. Ne4 ({Don't play} 25. Rxe5 $6 Rxe5 26. Qxe5
Qc7 $18) 25... Qe7 26. g5 ({Resist} 26. Qxa5 $6 Red8 $18) 26... Kh8 (26... Bf5
$142 27. Nf6+ {[%mdl 64] Double Attack} (27. Qxa5 $2 Bxe4 28. Rxe4 Nc5 $19 {
[%mdl 64] Double Attack, Discovered Attack}) 27... Kf7) 27. Nf6 Nc5 $2 {[#]} (
27... Bf5 {is a better defense.} 28. h4 Nc5 29. Nxe8 Rxe8) 28. f4 Ne6 29. Rxe5
Qg7 {Weighted Error Value: White=0.06/Black=0.46} 1-0

[Event "Goldmoney Asian Rapid Prelims 2021"]
[Site "Chess24"]
[Date "2021.06.24"]
[Round "5.8"]
[White "Salem, A.R. Saleh"]
[Black "Carlsen, Magnus"]
[Result "0-1"]
[WhiteElo "2682"]
[BlackElo "2847"]
[Annotator "TA"]
[PlyCount "62"]
[EventDate "2021.06.26"]
[EventType "tourn"]
[EventCountry "NET"]
[Tiebreak "Koya+Number of black wins+Number of wins"]
[SourceTitle "playchess.com"]
[Source "ChessBase"]
[SourceQuality "1"]

{[%evp 12,62,0,-17,-3,-14,0,-30,-25,-29,-25,-24,-14,-40,-31,-68,-54,-39,-54,
-80,-68,-123,-105,-129,-108,-206,-119,-130,-93,-233,-224,-158,-95,-75,-87,-89,
-21,-27,0,-110,-108,-274,-222,-377,-375,-369,-372,-492,-172,-162,-39,-502,-490]
} 1. d4 d5 2. c4 c6 3. Nc3 Nf6 4. Nf3 e6 5. g3 Nbd7 6. Bg2 dxc4 7. a4 a5 {
E01: Catalan: Early deviations.} 8. O-O Bd6 {[#]} 9. b3 $146 ({Predecessor:} 9.
Qc2 O-O 10. Rd1 Qe7 11. Nd2 Nb6 12. Nce4 Nxe4 13. Nxe4 Bb4 14. Bf4 f6 15. Rac1
{1/2-1/2 (108) Carlsen,M (2690)-Vallejo Pons,F (2679) Monte Carlo 2007}) 9...
cxb3 {Black has an edge.} 10. Qxb3 O-O 11. Rd1 Qe7 12. Nh4 Nd5 13. Nb1 Bb4 14.
e4 N5b6 15. Nc3 e5 16. Ne2 ({Better is} 16. Nf5 $15 Qe6 17. d5 cxd5 18. Nxd5)
16... exd4 $17 17. Nf5 Qe6 18. Qb1 (18. Nexd4 $17 {is a better defense.} Qxb3
19. Nxb3) 18... Nc5 (18... c5 $19 19. Nf4 Qe8) 19. Nexd4 Qf6 20. Bf4 (20. Qc2
$17 {might work better.}) 20... Bxf5 $19 (20... Ncxa4 21. e5 $17) 21. Nxf5 Rfd8
(21... Nbxa4 $142 {Hoping for ...Nc3.} 22. Rd6 Qc3) 22. Rxd8+ $17 Qxd8 ({
But not} 22... Rxd8 $6 23. Bc7 $14) 23. Be5 Ne6 (23... Qd3 $17 24. Qxd3 (24.
Bxg7 Qxb1+ 25. Rxb1 Nbxa4 $17) 24... Nxd3 25. Bxg7 Nc5) 24. Qb3 $11 {And now
Bxg7! would win.} Qe8 25. Rc1 (25. Bd6 $1 $11 {was the only way to keep the
balance.}) 25... Rd8 $17 26. Qe3 $2 {[#]} (26. h4 $17) 26... Bd2 $1 $19 27. Qa3
(27. Qxb6 Bxc1 28. h3) 27... Bxc1 28. Qxc1 Qd7 29. Bf3 Qd2 $2 (29... Qd3 30.
Bg4 h5 31. Ne7+ Kf8 32. Ng6+ fxg6 33. Bxe6 Qf3 34. Qf4+ Qxf4 35. Bxf4 Nxa4) 30.
Qa1 {[%cal Re5g7] [#]} Ng5 (30... h5 $1 $19 {White must now prevent ...Qd3.}
31. Bxh5 g6) 31. Bf4 $2 {[%mdl 8192] [#]} Qe1+ $3 {[%mdl 512] Weighted Error
Value: White=0.68/Black=0.35} 0-1

[Event "Goldmoney Asian Rapid Prelims 2021"]
[Site "Chess24"]
[Date "2021.06.24"]
[Round "6.1"]
[White "Aronian, Levon"]
[Black "Carlsen, Magnus"]
[Result "1-0"]
[WhiteElo "2781"]
[BlackElo "2847"]
[Annotator "TA"]
[PlyCount "131"]
[EventDate "2021.06.26"]
[EventType "tourn"]
[EventCountry "NET"]
[Tiebreak "Koya+Number of black wins+Number of wins"]
[SourceTitle "playchess.com"]
[Source "ChessBase"]
[SourceQuality "1"]

{[%evp 9,131,10,25,0,0,0,0,0,0,0,0,-17,-12,-29,-16,-25,-22,-32,-8,-22,0,0,0,0,
10,8,12,10,32,24,31,29,31,18,43,48,50,32,46,31,76,76,78,85,86,86,87,70,127,114,
132,133,139,77,77,77,142,121,174,58,64,53,235,237,289,139,187,208,391,173,487,
94,223,222,390,389,385,388,387,382,378,378,335,245,372,385,445,419,429,342,464,
469,452,457,510,499,496,495,487,485,453,450,816,808,808,808,789,789,779,768,
741,599,705,684,1771,1469,6621,8539,6322,4540,8649,4634,2931,2296]} 1. e4 c5 2.
Nf3 Nc6 3. Bb5 g6 4. Nc3 Bg7 5. d3 d6 6. e5 {B30: Sicilian: 2...Nc6 3 Bb5,
lines without ...g6.} dxe5 7. Bxc6+ bxc6 8. O-O {The position is equal.} c4 9.
Re1 {[#]} Qd6 $146 ({Predecessor:} 9... Bg4 10. h3 Bxf3 11. Qxf3 Rc8 12. dxc4
Qc7 13. Bg5 Nf6 14. Qe3 h6 15. Bh4 Nh5 {1/2-1/2 (41) Gasanov,E (2454)-Askarian,
K (2253) Kharkov 2002}) 10. Bg5 cxd3 11. cxd3 Bg4 12. Ne4 Qd5 13. Rc1 Nf6 14.
h3 Nxe4 (14... Bxf3 {with more complications.} 15. Qxf3 Nxe4 16. Qxe4 f6 17.
Be3 f5) 15. dxe4 Qxd1 16. Rexd1 Bd7 17. Ne1 f6 18. Be3 a5 19. Nd3 {[%mdl 1024]
White has compensation.} Be6 20. b3 Kf7 21. Nc5 Rhc8 22. Rc2 Rc7 23. Rdc1 Bc8
24. Na4 Bb7 25. Bb6 Rcc8 26. Nc5 Bh6 27. Rd1 ({But not} 27. Nxb7 $6 Bxc1 28.
Rxc1 Rcb8 $15) 27... Ba6 28. Bxa5 Bb5 (28... Be2 $14 29. Rxe2 Rxa5) 29. b4 $16
Rcb8 30. a4 Ba6 31. g3 (31. Nd7 $142 Rc8 32. Nc5) 31... Bc8 32. Kg2 f5 (32...
Bf8 $142) 33. Rc4 $36 {[%mdl 2048] And now Bc7 would win. White is on the roll.
} Ra7 (33... Ba6 $16 34. Nxa6 Rxa6) 34. Rd8 (34. Bd8 $18) 34... fxe4 $1 $14 35.
Rxe4 Bg7 $2 (35... Rxa5 $1 $14 36. Rxc8 (36. bxa5 Bxh3+ 37. Kxh3 Rxd8 $14)
36... Rxc8 37. bxa5 Bd2) 36. g4 $1 $18 h5 {[#]} 37. Rc4 (37. Bb6 $1 $18 {
[%mdl 512] is more deadly.} Raa8 (37... Rxb6 38. Rxc8) 38. Bc7 {[%mdl 64]
Double Attack}) 37... hxg4 38. hxg4 Bf6 $2 {[#]} (38... Bh6 39. Bb6 (39. Nd3
Bg7 $16) 39... Rxb6) 39. f3 (39. Bb6 $142 $1 {[%mdl 512]} Rxb6 (39... Raa8 40.
Bc7) 40. Rxc8) 39... Rba8 (39... e4 {is more resistant.} 40. Rxe4 e5) 40. Ne4
$2 (40. Bb6 $18) 40... Bb7 (40... Be6 $16 41. Rxa8 Rxa8 42. Rxc6 Bd7) 41. Rd7
c5 $2 (41... Ba6 42. Rxa7 Rxa7 43. Rxc6 Ra8) 42. Nxc5 Bc6 43. Rxa7 Rxa7 44. Bb6
Ra8 45. b5 Bd5 46. Rc2 Bg5 (46... e4 $142) 47. a5 {[%cal Ba4a5,Ba5a6,Ba6a7]
[%mdl 32]} Be3 48. Nd7 Bf4 49. Re2 Ke6 50. Nc5+ {White is clearly winning.} Kf7
51. Ne4 Rc8 52. a6 Rb8 53. Bg1 Rxb5 54. Nc3 Ra5 {Threatening ...Bc4.} 55. Nxd5
Rxd5 {[%mdl 4096] Endgame KRB-KRB} (55... Rxa6 $142 56. Bc5 Ra5 57. Nxf4 (57.
Bxe7 Rxd5 58. Bb4 Kf6 $11) 57... exf4 58. Rxe7+ Kf6) 56. Ra2 Rd8 57. a7 Ra8 58.
Rb2 e4 59. fxe4 Ke6 60. Kf3 Bd6 61. Rb7 Ke5 62. Bh2+ Kd4 63. Bxd6 exd6 64. Kf4
Rf8+ 65. Kg5 {Rb8 would kill now.} Ra8 66. Re7 {Weighted Error Value: White=0.
35/Black=0.40} 1-0

[Event "Goldmoney Asian Rapid Prelims 2021"]
[Site "Chess24"]
[Date "2021.06.24"]
[Round "6.2"]
[White "Giri, Anish"]
[Black "Salem, A.R. Saleh"]
[Result "1/2-1/2"]
[WhiteElo "2780"]
[BlackElo "2682"]
[Annotator "TA"]
[PlyCount "82"]
[EventDate "2021.06.26"]
[EventType "tourn"]
[EventCountry "NET"]
[Tiebreak "Koya+Number of black wins+Number of wins"]
[SourceTitle "playchess.com"]
[Source "ChessBase"]
[SourceQuality "1"]

{[%evp 9,82,10,8,13,12,0,3,3,3,3,3,3,10,12,13,2,12,5,7,0,0,0,0,0,0,-12,0,0,0,0,
0,0,0,-31,-27,-23,-4,-4,-5,-29,0,-26,-9,-39,-7,-34,-21,-22,-7,-27,-24,-22,-24,
-16,-15,-91,0,0,0,-29,-15,-25,-15,-15,-14,-16,0,0,42,0,0,0,51,0,0]} 1. e4 c5 2.
Nf3 d6 3. Bb5+ Nd7 4. O-O a6 5. Bxd7+ Bxd7 6. a4 {B51: Sicilian: Moscow
Variation (3 Bb5+) without 3...Bd7.} Nf6 7. e5 dxe5 8. Nxe5 e6 {[#]} 9. d3 $146
({Predecessor:} 9. d4 Qc7 10. Nxd7 Qxd7 11. dxc5 Bxc5 12. Qxd7+ Kxd7 13. Nc3
Rac8 14. Rd1+ Ke7 15. Bg5 {1/2-1/2 (32) Gil Machina,R (1794)-Bueno Gauna,C 
(2160) Santa Clara 2017}) 9... Bd6 10. Bf4 Bxe5 11. Bxe5 Bc6 {[#] Hoping for ..
.Qd5!} 12. Qe2 O-O 13. a5 Nd5 14. Nd2 (14. Bg3 {is more complex.} Re8 15. f3
Rc8 16. Nd2 e5 17. Nc4) 14... f6 15. Bg3 e5 16. f3 Nc7 17. f4 exf4 18. Bxf4
Qd4+ 19. Qf2 {Strongly threatening Qxd4.} Ne6 20. Be3 Qg4 21. Qg3 (21. h3 {
seems wilder.} Qg6 22. Rae1 Rad8 23. Nf3 Qf5 24. Qg3) 21... Qxg3 22. hxg3 Rfe8
23. Rfe1 Rad8 24. Nc4 Kf7 25. Kf2 Rd5 26. b3 Red8 27. Re2 Rf5+ 28. Kg1 Nd4 29.
Bxd4 Rxd4 30. Rae1 Rg5 31. Rf2 Kg6 32. Re6 {[#]} (32. Re3 $11) 32... Bd5 (32...
Rdg4 $1 $17 33. Nd6 Rxg3) 33. Re7 $11 Bc6 34. Ne3 h5 ({Don't play} 34... Rxg3
$6 35. Nf5 $16) 35. Rf4 Rd7 ({Reject} 35... Rxg3 36. Rxd4 cxd4 37. Rxg7+ Kxg7
38. Nf5+ Kf7 39. Nxg3 $14) 36. Rxd7 Bxd7 {KRB-KRN} 37. Kf2 Re5 38. Nc4 Re7 39.
Ne3 Re5 (39... Bc6 $11) 40. Nc4 $14 Re7 41. Ne3 (41. Re4 $1 $14 Rxe4 42. dxe4)
41... Re5 {Weighted Error Value: White=0.13/Black=0.09} 1/2-1/2

[Event "Goldmoney Asian Rapid Prelims 2021"]
[Site "Chess24"]
[Date "2021.06.24"]
[Round "6.3"]
[White "Duda, Jan-Krzysztof"]
[Black "Svidler, Peter"]
[Result "1/2-1/2"]
[WhiteElo "2729"]
[BlackElo "2714"]
[Annotator "TA"]
[PlyCount "142"]
[EventDate "2021.06.26"]
[EventType "tourn"]
[EventCountry "NET"]
[Tiebreak "Koya+Number of black wins+Number of wins"]
[SourceTitle "playchess.com"]
[Source "ChessBase"]
[SourceQuality "1"]

{[%evp 21,142,9,60,35,72,72,94,84,110,108,105,93,109,97,118,93,97,127,96,94,
104,100,169,170,160,86,54,72,88,66,46,70,58,62,82,27,34,43,39,48,46,11,14,0,8,
8,8,10,37,37,25,23,66,57,100,103,97,98,143,143,144,144,200,192,414,407,267,359,
303,289,263,182,248,143,143,0,0,0,8,8,8,8,8,8,8,8,8,8,8,8,8,8,8,8,8,8,8,8,90,8,
8,8,8,8,8,8,8,8,8,0,8,8,8,8,8,8,8,0,8,0,8,0,8]} 1. d4 Nf6 2. c4 g6 3. f3 c5 4.
d5 Bg7 5. e4 d6 6. Nc3 O-O 7. Nge2 e6 8. Ng3 exd5 9. cxd5 a6 10. a4 h5 11. Be2
Nbd7 {11...h4 is a critical line.} (11... Nh7 $11) 12. Bg5 $14 {A65: Modern
Benoni: 6 e4.} Qe8 13. Qd2 Nh7 14. Bh6 {White is better.} h4 15. Bxg7 Kxg7 16.
Nf1 f5 17. exf5 {[#]} Ne5 $146 {With the idea ...h3.} ({Predecessor:} 17...
gxf5 18. f4 Ndf6 19. Ne3 Qg6 20. Nc4 Bd7 21. Nxd6 Qxg2 22. O-O-O Kh8 23. Qe3
Qg7 {1-0 (58) Terrieux,K (2372)-Maze,S (2594) Belfort 2012}) 18. Ne3 (18. Ne4
$6 Bxf5 19. Nxd6 Nd3+ 20. Kd1 Nf2+ 21. Ke1 Nd3+ 22. Kd1 Nf2+ 23. Ke1 Nd3+ 24.
Kd1 $11) 18... Bxf5 19. O-O g5 20. f4 gxf4 21. Rxf4 Qg6 (21... Bg6 $16 {
was worth a try.} 22. Rxf8 Nxf8) 22. Rxh4 $18 (22. Nxf5+ $6 Rxf5 23. Rxf5 Qxf5
$11) (22. Raf1 $6 Bd7 $16) 22... Ng5 23. Nxf5+ (23. Kh1 $142 $1) 23... Rxf5 $16
({Wrong is} 23... Qxf5 $2 24. Ne4 $1 $18 {[%mdl 512]} (24. Rf1 $2 Qxf1+ 25.
Bxf1 Ngf3+ 26. gxf3 Nxf3+ {[%mdl 64] Double Attack} 27. Kg2 Nxd2 $19)) 24. Kh1
Raf8 25. Rg1 Qf6 26. Qe3 Ng6 27. Rg4 Qe5 28. Ne4 (28. Qxe5+ $16 Nxe5 29. Rg3)
28... Nxe4 $11 29. Rxe4 Qxb2 30. Qg3 R8f6 31. Bd3 Qf2 $1 {[%cal Rf2g3] ...Qxg3
is the strong threat.} 32. Re7+ {[%mdl 64] Discovered Attack} Kf8 {Hoping for .
..Qxg3.} 33. Qxf2 ({Avoid the trap} 33. Rxb7 $2 Qxg3 34. Bxf5 Rxf5 $19) 33...
Rxf2 34. Rxb7 a5 35. Bxg6 Rxg6 $14 {[%mdl 4096] Endgame KRR-KRR} 36. Ra7 Rg4
37. Rxa5 c4 38. h3 Rd4 39. Ra7 c3 {[#]} 40. Rc7 $1 c2 41. a5 Rd1 (41... Ra4 $16
) 42. Kh2 $18 Rxg1 $2 (42... Rxd5 43. a6 Ra5) 43. Kxg1 {KR-KR} Rd2 {Strongly
threatening ...Rd1+.} 44. Kh2 Rxd5 45. Rxc2 Rxa5 46. h4 Ke7 (46... Ra7 {
was called for.} 47. g4 Kg7) 47. Rf2 ({White should try} 47. Re2+ $18 Kf6 48.
g4) 47... d5 $16 48. h5 (48. Rf4 $16) 48... d4 $11 49. g4 d3 50. h6 d2 $1 {
[%cal Rd2d1]} 51. Rxd2 Kf6 $1 52. Kg3 {Threatens to win with Rd7.} (52. h7 {
is more complex.} Kg7 53. Rd7+ Kh8 54. Rd6 Kxh7 55. Kg3) 52... Kg5 53. h7 Ra3+
54. Kg2 Ra8 55. Rd7 {aiming for Kf3.} Kg6 56. Kg3 Rh8 57. Kh4 Kh6 58. Ra7 Kg6
59. Rb7 {And now Re7 would win.} (59. Re7 {seems wilder.} Kf6 60. Rb7 Kg6 61.
Rb6+ Kxh7 62. Kg5) 59... Kh6 60. Rb5 ({White should play} 60. Rc7 $16) 60...
Kxh7 {The position is equal.} 61. Kh5 {Rb7+ would kill now.} Kg7+ 62. Kg5 {
White threatens Rb7+ and mate.} Ra8 63. Rb7+ Kg8 64. Rb6 Kg7 65. Rb7+ Kg8 66.
Kh5 Rc8 67. g5 $1 Rc6 68. Rb8+ Kg7 69. Rb7+ Kg8 70. Rb8+ Kg7 71. Rb7+ Kg8 {
Black defended with fortune.  Weighted Error Value: White=0.13/Black=0.18}
1/2-1/2